XI de légende #2 - Statistiques

Statistiques générales
  • Ce quiz a été pris 113 fois
    81 depuis la dernière actualisation
  • Le résultat moyen est 7 sur 12
Statistiques - réponses
Poste Pays Réponse % Correct
Milieu offensif France Zinédine Zidane
97%
Latéral gauche Brésil Roberto Carlos
93%
Milieu droit Portugal Luís Figo
88%
Avant-centre Espagne Raúl
85%
Milieu défensif France Claude Makélélé
82%
Défenseur central Espagne Fernando Hierro
71%
Avant-centre Espagne Fernando Morientes
49%
Coach Espagne Vicente del Bosque
32%
Latéral droit Espagne Míchel Salgado
30%
Défenseur central Espagne Iván Helguera
15%
Milieu gauche Argentine Santiago Solari
12%
Gardien de but Espagne César
4%
Aucun quiz correspondant
Distribution des résultats
% des personnes avec chaque résultat
Percentile par nombre de réponses
Votre historique - résultats
Vous n’avez pas pris ce quiz depuis la dernière actualisation